Medium Term Budget any Finance . Work 2005 - 06 - 07 - 08 (Record no. 1666)
[ view plain ]
| 000 -LEADER | |
|---|---|
| fixed length control field | 00321nam a2200121Ia 4500 |
| 008 - FIXED-LENGTH DATA ELEMENTS--GENERAL INFORMATION | |
| fixed length control field | 151213s9999 xx 000 0 und d |
| 245 ## - TITLE STATEMENT | |
| Title | Medium Term Budget any Finance . Work 2005 - 06 - 07 - 08 |
| Remainder of title | II |
| 260 ## - PUBLICATION, DISTRIBUTION, ETC. (IMPRINT) | |
| Place of publication, distribution, etc. | Dhaka |
| Name of publisher, distributor, etc. | Govt.Govt. |
| Date of publication, distribution, etc. | 2005 |
| 300 ## - PHYSICAL DESCRIPTION | |
| Extent | 2357 p. |
| 650 ## - SUBJECT ADDED ENTRY--TOPICAL TERM | |
| Topical term or geographic name as entry element | Economics |
| 650 ## - SUBJECT ADDED ENTRY--TOPICAL TERM | |
| Topical term or geographic name as entry element | Economics |
No items available.
